The Nazi census : identification control in the Third Reich

Αποθηκεύτηκε σε:
Λεπτομέρειες βιβλιογραφικής εγγραφής
Κύριος συγγραφέας: Aly, Gotz, 1947-
Άλλοι συγγραφείς: Roth, Karl Heinz, Black, Edwin (Μεταφραστής), Oksiloff, Assenka (trlf)
Μορφή: Βιβλίο
Γλώσσα:English
German
Δημοσίευση: Philadelphia : Temple University Press, c2004.
Σειρά:Politics, history, and social change
Θέματα:
Ετικέτες: Προσθήκη ετικέτας
Δεν υπάρχουν, Καταχωρήστε ετικέτα πρώτοι!

MARC

LEADER 00000cam a2200000 i 4500
001 1/58659
008 071015s2004 us | ||| |||| ||eng||
020 |a 1592132596 (pbk.) 
035 |l 10091526 
040 |a GR-MyUA  |b gre  |e AACR2 
041 1 |a eng  |h ger 
082 0 |a 314.306  |2 (22) 
100 1 |a Aly, Gotz,   |d 1947- 
245 1 4 |a The Nazi census :   |b identification control in the Third Reich /   |c Gotz Aly, Karl Heinz Roth ; translated and with a foreword by Edwin Black ; with additional translation by Assenka Oksiloff.  
260 |a Philadelphia :   |b Temple University Press,   |c c2004.  
300 |a xii, 178 σ. :   |b σχέδια ;   |c 22 εκ.  
490 1 |a (Politics, history, and social change)  
500 |a Τίτλος πρωτοτύπου: Die restlose erfassung.  
504 |a Περιέχει βιβλιογραφία (σ. 153-163) και ευρετήριο.  
651 0 |a Germany  |x Statistical services  |x History  |y 20th century. 
651 0 |a Germany  |x Census, 1939. 
700 1 |a Roth, Karl Heinz. 
700 1 |a Black, Edwin,  |e trl 
700 1 |a Oksiloff, Assenka,  |e trlf 
830 0 |a Politics, history, and social change 
852 |a INST  |b LESVOS  |e 20071015  |h 314.306 ALY  |p 005100027926  |q 005100027926  |t BK  |y 0 
901 |a BIBL1-2007-3 
909 |a Λ  |b 158891 
970 |a ΤΖΑΦΕΡΗ  |b ΕΥΑΓΓΕΛΙΑ  |z 2007/10/15